Mort subite - Les chansons de Lady Gaga - Statistiques

Statistiques générales
  • Ce quiz a été pris 2 731 fois
  • Le résultat moyen est 8 sur 17
Answers on the Grid
Answers color-coded by a green-red scale on the quiz's grid according to % correct below.
Just Sing
Poker Face
Paparazzi
Sick
Hold My Hand
Fernando
The Edge Of Glory
Shallow
Crazy
Disease
Die With a Smile
Mercredi
Malediction
A Star Is Born
Telephone
Good Love
Bloody Mary
Live Without You
Heavy Metal Lover
iPhone
Just Dance
Rain On Me
Folie à Deux
Intelligent Love
Fun Tonight
Roberto
Journalists
Bad Romance
Call Me
Alejandro
Top Gun
Traitor
Wednesday
Judas
Rock Hater
Rain Over Me
 
Statistiques - réponses
Réponse % Correct
Poker Face
93%
Paparazzi
86%
Shallow
73%
Die With a Smile
63%
Bad Romance
48%
Just Dance
48%
Telephone
48%
Bloody Mary
47%
The Edge Of Glory
47%
Alejandro
46%
Judas
45%
Hold My Hand
44%
Disease
43%
Rain On Me
37%
Heavy Metal Lover
21%
Folie à Deux
16%
Fun Tonight
14%
Aucun quiz correspondant
Distribution des résultats
% des personnes avec chaque résultat
Percentile par nombre de réponses
Votre historique - résultats
Vous n’avez pas pris ce quiz